Právo na životné prostredie - základné právo človeka právne prostriedky uplatnenia a garancie v európskom kontexte : zborník [z medzinárodného kolokvia konaného v dňoch 2. a 3. októbra 1996 v Bratislave ]
| Other Authors: | |
|---|---|
| Format: | Book |
| Language: | Slovak Czech English |
| PhysicalDescription: | 150 s. 25 cm |
| Published: |
Bratislava
Právnická fakulta UK
1996
|
| ISBN: | 8071600873 |
| Series: | Sympóziá, kolokviá, konferencie
|
| Subjects: |
MARC
| LEADER | 00000cam a2200000 a 4500 | ||
|---|---|---|---|
| 001 | vtls001327340 | ||
| 003 | SK-MaSNL | ||
| 005 | 20260301160133.0 | ||
| 008 | 250414s1996 xo ad f 10000 slo | ||
| 015 | |a SNBA1998/08-02600 | ||
| 020 | |a 8071600873 | ||
| 035 | |a SNK000280136 | ||
| 035 | |a urn:nbn:sk:snk-amjr5t | ||
| 035 | |a urn:nbn:sk:snk:ar-a0cqz4 | ||
| 035 | |a 7a59bb4e-300c-42b9-b89b-2de3aad7c1e6 | ||
| 040 | |a SNK |b slo |c SNK |e AACR2 | ||
| 041 | 0 | |a slo |a cze |a eng |b eng | |
| 044 | |a xo |c SK | ||
| 080 | |a 349.6(082)\ |2 1981 | ||
| 245 | 0 | 0 | |a Právo na životné prostredie - základné právo človeka |b právne prostriedky uplatnenia a garancie v európskom kontexte : zborník [z medzinárodného kolokvia konaného v dňoch 2. a 3. októbra 1996 v Bratislave ] |c [zostavila Soňa Košičiarová] |
| 260 | |a Bratislava |b Právnická fakulta UK |c 1996 | ||
| 300 | |a 150 s. |c 25 cm | ||
| 490 | 1 | |a Sympóziá, kolokviá, konferencie | |
| 500 | |a Text aj v angl. a češ. | ||
| 500 | |a Údaj o zost. prevzatý z tiráže | ||
| 504 | |a Bibliogr. odkazy. Res. slov., čes. a angl. | ||
| 650 | 0 | 7 | |a environmentálne právo |2 SNK |9 192070 |
| 650 | 0 | 7 | |a ľudské práva |2 SNKPH |9 798 |
| 650 | 0 | 7 | |a právo na ochranu životného prostredia |2 SNK |9 521265 |
| 650 | 0 | 7 | |a ochrana životného prostredia |2 SNKPH |9 3352 |
| 655 | 7 | |a zborníky konferencií |2 SNKPH |9 70153 | |
| 655 | 7 | |a issue_zb |2 SNK |9 276493 | |
| 700 | 1 | |a Košičiarová, Soňa, |d 1965- |4 com |9 211055 | |
| 830 | 0 | |a Sympóziá, kolokviá, konferencie |9 84028 | |
| 852 | |a Slovenská národná knižnica | ||
| 919 | |a 80-7160-087-3 | ||
| 954 | |a odborná, vedecká literatúra pôvodná (slovenská) |2 lita | ||
| 954 | |a odborná, vedecká literatúra cudzojazyčná (svetová) |2 lita | ||
| 958 | |a ART | ||
| 958 | |a TL | ||
| 958 | |a NB | ||
| 958 | |a OND | ||
| 958 | |a EUIPO | ||
| 999 | |c 804166 |d 806096 | ||
| 952 | |t P60, <03>, [BOOK], {603} |a SNK |b SNK |y PREZ |7 0 |p 17A0130811 |o snkSC 95556 |i snkKSP 3903/98 |0 0 |1 0 |4 0 |d 1998-04-14 |l 0 |r 2025-09-12 00:00:00 |w 2026-02-24 | ||
| 952 | |t P60, <04>, [BOOK], {604} |a SNK |b SNK |y VYP |7 0 |p 17A0130812 |o snkSC 95556 D1 |i snkKSP 3904/98 |0 0 |1 0 |4 0 |d 1998-04-14 |l 0 |r 2005-01-02 00:00:00 |w 2026-02-24 | ||
| 952 | |t P60, <09>, [BOOK], {629} |a SNK |b SNK |y NEVYP |7 0 |o snkC 351 |i snk669/980415 |0 0 |1 0 |4 0 |d 1998-04-14 |l 0 |r 2005-01-02 00:00:00 |w 2026-02-24 | ||


